000 01479nam0a2200337 i 4500
001 RU\NLR\BIBL_A\010722911
005 20240921203126.0
010 _a9785905714436
_9500
021 _aRU
_b2015-13120
_9796
035 _a(NILC)RuMoRGB-007875954
035 _a(NLR Aleph) 010722911
090 _a9830724
_c9830724
100 _a20150409d2015 um y0rusy50 ca
101 0 _arus
102 _aRU
105 _aac||z||||00ad
200 1 _aРазноцветье жизни
_e[малая проза]
_fЭльмара Фаустова
_g[ил. авт.]
210 _aМосква
_cСодружество
_d2015
_d[т. е. 2014]
215 _a177 с.
_cил.
_d21
300 _aНа 2-й с. обл. авт.: Фаустова Эльмара, к. филос. н. по эстетике
300 _aКн. фактически изд. в 2014 г.
327 1 _aСодерж.: Ч. 1. Перипетии жизни; Моменты мистики в реальности; Очерки; Ч. 2. Детские умности; Любимцы - собачье-птичьи истории; Курьезы; Крохотки
686 2 _aШ6(2=Р)8-4
700 1 _7ca
_8rus
_aФаустова
_bЭ.Н.
_gЭльмара Нургалеевна
_9146243
_3RU\NLR\AUTH\770146279
801 0 _aRU
_bРГБ
_c20150226
_gRCR
801 1 _aRU
_bРГБ
_c20150226
_2rusmarc
942 _cBOOK
980 _aNBR